Регионална библиотека "Любен Каравелов" - Русе

Стихотворения (Запис номер 327230)

MARC детайли
000 -Лидер
Контролно поле с фиксирана дължина 01807nam a2200361 c 4500
003 - Код на организацията, давaща контролен номер
Контролно поле BLK
005 - Дата и час на последна редакция
Контролно поле 20250730113445.0
008 - Елементи от данни с фиксирана дължина
fixed length control field 180408b bul|||||r ||||||| ||bul||
010 ## - Наследен системен номер
LC control number KNG00056009000
020 ## - Международен стандартен номер на книга ISBN
Международен стандартен номер на книга ISBN 978-954-492-233-7
040 ## - Източник на каталожния запис
Идентификатор на билиотеката - собственик на записа BLK
041 ## - Код за език
Код за езика на текст/звукозапис или на отделно заглавие Български
Код за езика КДБФ Български
080 ## - УДК
Текстов определител УДК Френска литература
УДК код - определител по УДК 821.133.1
УДК определител -1
УДК - код + определител 821.133.1-1
100 1# - Редна дума - Автор
Автор Верлен, Пол
Авторска отговорност първи автор
R(LIN) 250467
139 ## - Редно поле
Редна дума Верлен, Пол
Авторски знак Верд - В 49
245 10 - Сведения за заглавието
Заглавие Стихотворения
Редно поле (дума) Пол Верлен; прев. Кирил Крумов Кадийски.
246 11 - Различни форми на заглавието
Паралелно заглавие Poemes
257 ## - Страна на издаване
Страна на създаване/издаване Франция
260 ## - Област на издателските данни
Име на издателя, разпространителя и проч. Нов Златорог
Година на издаване 2018
Печатница София : Булгед
300 ## - Физическа характеристика
Страници 280 с.
Размери/Мащаб 20 см
380 ## - Жанр
Жанр Худож. лит.
500 ## - Общи забележки
Забележка В кн. означено 4. прераб. и доп. изд. - Съдържа и Пейзажът на душата / Кирил Кадийски ; Пол Верлен / Стефан Цвайг ; Прев. от нем. Маргарита Дилова ; Видение в нощта ; Есенна песен ; Сън студен и зловещ... ; Пиеро ; Пол Верлен - живот в дати Изд. е публикувано в рамките на прогр. за участие в книгоизд. Витоша
650 #4 - Допълнително описание по предмет – тема
Основно описание – тема или топоним Френска литература
9 (RLIN) 277458
653 ## - Ключова дума – ненормативна
Ключова дума френска литература
653 ## - Ключова дума – ненормативна
Ключова дума стихотворения
700 1# - Други автори (авторска отговорност)
Лично име Кадийски, Кирил Крумов
Автороска отговорност (Описва отношението между автора и произведението) състав. и прев.
9 (RLIN) 364061
720 ## - Неконтролирано име
Паралелен автор Paul Verlaine ; Comp. , version bulg. Kiril Kadiiski
Ключова дума за отношение (Описва отношението между автора и произведението) паралелен автор
852 ## - Местоположение
Фондова буква Заемна - подръчен фонд
Систематично-азбучна сигнатура П 840-1/В 49
856 4# - Електронен адрес и достъп
Електронен формат pdf - файл
856 4# - Електронен адрес и достъп
Електронен формат pdf - файл
999 ## - СИСТЕМНИ КОНТРОЛНИ НОМЕРА
Koha biblionumber 327230
Koha biblioitemnumber 327230
942 ## - АРТИКУЛИ
Вид на библиотечния материал Книги
Скрит в OPAC Не
Koha issues (borrowed), all copies 45
944 ## - СЪЗДАВАНЕ И РЕДАКЦИЯ на ЗАПИСА
Служител, извършил регистрацията/редакцията 30531
Статус, дата на статуса Цветелина Шанова
Наличности
Код за отписване Код за изгубен артикул Източник на класификационната схема Код за повреда Коз за рестрикции Код за отдаване Артикулен № Име на библиотеката - собственик Име на библиотеката, в която се намира в момента Статус (Текущо местоположение) Дата на вписване в системата Местоположение - отдел Цена в лева Инвентарен номер Систематично азбучна сигнатура Баркод Цена в евро Служебен тип на артикула
  Не е изгубен Universal Decimal Classification Не е повреден без рестрикции заемане за дома 685796 Регионална библиотека "Любен Каравелов" Русе Регионална библиотека "Любен Каравелов" Русе Заемна - подръчен фонд 2018-12-11 Заемна - подръчен фонд 20.00 120000827017 П 840-1/В 49 120000827017 10.23 Книги
  Не е изгубен Universal Decimal Classification Не е повреден без рестрикции заемане за дома 685797 Регионална библиотека "Любен Каравелов" Русе Регионална библиотека "Любен Каравелов" Русе Заемна - подръчен фонд 2018-12-11 Заемна - подръчен фонд 20.00 120000827020 П 840-1/В 49 120000827020 10.23 Книги
  Не е изгубен Universal Decimal Classification Не е повреден без рестрикции заемане за дома 685798 Регионална библиотека "Любен Каравелов" Русе Регионална библиотека "Любен Каравелов" Русе Заемна - подръчен фонд 2018-12-11 Заемна - подръчен фонд 20.00 120000827021 П 840-1/В 49 120000827021 10.23 Книги
  Не е изгубен Universal Decimal Classification Не е повреден без рестрикции заемане за дома 685799 Регионална библиотека "Любен Каравелов" Русе Регионална библиотека "Любен Каравелов" Русе Заемна - подръчен фонд 2018-12-11 Заемна - подръчен фонд 20.00 120000827019 П 840-1/В 49 120000827019 10.23 Книги
  Не е изгубен Universal Decimal Classification Не е повреден без рестрикции заемане за дома 685800 Регионална библиотека "Любен Каравелов" Русе Регионална библиотека "Любен Каравелов" Русе Заемна - подръчен фонд 2018-12-11 Заемна - подръчен фонд 20.00 120000827018 П 840-1/В 49 120000827018 10.23 Книги
Vip Innovations Ltd, Rousse, Bulgaria 2025